| 000 | 00701pam a2200217 a 4500 | ||
|---|---|---|---|
| 020 | _a0471502324 | ||
| 040 | _cDLC | ||
| 082 | 0 | 0 | _a628 WIL 1992 A051 Or. |
| 245 | 0 | 0 | _aFate of pesticides and chemicals in the environment / |
| 260 |
_aNew York : _bWiley, _cc1992. |
||
| 300 |
_axxi, 436 p. : _bill. ; _c25 cm. |
||
| 500 | _a"A Wiley-Interscience publication." | ||
| 650 | 0 | _aPesticides | |
| 650 | 0 | _aPollution. | |
| 650 | 0 | _aPollutants. | |
| 700 | 1 | _aSchnoor, Jerald L. | |
| 856 | 4 | 2 | _uhttp://www.loc.gov/catdir/bios/wiley041/91011548.html |
| 856 | 4 | 2 | _uhttp://www.loc.gov/catdir/description/wiley033/91011548.html |
| 856 | 4 | _uhttp://www.loc.gov/catdir/toc/onix04/91011548.html | |
| 942 | _cEK | ||
| 999 |
_c14464 _d14464 |
||